000 00774nam a2200229 a 4500
001 000017894
005 20250723150125.0
008 100407s1982 dr 001 0 spa d
040 _aDO-SdBNP
_bspa
_cBNPHU
082 _aRD868.44
_bA664e
100 1 _aArbaje, Naím,
_d1926-
_938831
245 1 0 _aEscapadas espirituales /
_cNaím Arbaje ; prólogo Rafael Kasse Acta.
260 _aSanto Domingo :
_bCorripio,
_c1982.
300 _a206 p. ;
_c20 cm.
500 _aIncluye datos biográficos del autor en la contracubierta de la portada.
650 0 _aPoesía dominicana
_966
650 0 _aProsa dominicana
_912146
650 0 _aLiteratura dominicana.
_967
700 1 _aKasse Acta, Rafael,
_epról.
_925885
910 _aValidado. Control de calidad EMS.
049 _aBNPD
999 _c17418
_d17418